000 00710nam a2200253Ia 4500
003 OSt
005 20220918205126.0
006 a|||||r|||| 00| 0
007 ta
008 220917b |||||||| |||| 00| 0 eng d
024 _a115,455
037 _cTextual
040 _aARTS
_cARTS
_beng
041 _2eng
_aeng
082 _aV6:7, M7
100 _aConnah Graham
_917220
245 0 _aAfrican civilizations
_b Precolonical cities and states in tropical Africa
260 _aCambridge
_bCambridge University Press
_c1987
300 _axi, 259p.
_ccm.
500 _aBibliography p233-252
650 _aHISTORY
942 _hV6:7, M7
_cTEXL
_2CC
999 _c238784
_d238784